Najzimniejsze państwa w lipcu - Statystyki

Ogólne statystyki
  • Ten quiz został rozwiązany 3 779 razy
  • Średni wynik to 13 z 20
Statystyki odpowiedzi
°C Państwo % Poprawnych
15,8 Rosja
94%
12,9 Kanada
89%
12,2 Norwegia
89%
15,1 Szwecja
87%
9,2 Islandia
84%
4,9 Chile
83%
8,2 Argentyna
81%
6,0 Nowa Zelandia
78%
14,9 Australia
77%
12,1 Republika Południowej Afryki
76%
11,5 Urugwaj
65%
15,1 Wielka Brytania
62%
15,1 Irlandia
59%
6,1 Lesotho
55%
14,8 Namibia
46%
15,0 Botswana
42%
12,4 Bhutan
32%
15,9 Kirgistan
23%
15,6 Szwajcaria
23%
14,9 Tadżykistan
22%
Nie znaleziono quizów pasujących do podanych kryteriów
Rozkład punktacji
Procent ludzi z każdym wynikiem
Percentyl według liczby udzielonych odpowiedzi
Twoja historia wyników
Nie rozwiązałeś tego quizu